Human physiology : (Record no. 1231)

000 -LEADER
fixed length control field 01741cam a22004574a 4500
003 - CONTROL NUMBER IDENTIFIER
control field ALUPE UNIVERSITY
005 - DATE AND TIME OF LATEST TRANSACTION
control field 20210624103038.0
008 - FIXED-LENGTH DATA ELEMENTS--GENERAL INFORMATION
fixed length control field 030519s2004 caua 001 0 eng
020 ## - INTERNATIONAL STANDARD BOOK NUMBER
International Standard Book Number 0131020153 (alk. paper)
020 ## - INTERNATIONAL STANDARD BOOK NUMBER
International Standard Book Number 0805357475 (CDROM)
020 ## - INTERNATIONAL STANDARD BOOK NUMBER
International Standard Book Number 0805359575
020 ## - INTERNATIONAL STANDARD BOOK NUMBER
International Standard Book Number 0805361286 (CDROM)
020 ## - INTERNATIONAL STANDARD BOOK NUMBER
International Standard Book Number 0321226879
040 ## - CATALOGING SOURCE
Transcribing agency ALUPE UNIVERSITY
042 ## - AUTHENTICATION CODE
Authentication code pcc
049 ## - LOCAL HOLDINGS (OCLC)
Holding library UABA
050 00 - LIBRARY OF CONGRESS CALL NUMBER
Classification number QP34.5
Item number .S55 2004
084 ## - OTHER CLASSIFICATION NUMBER
Classification number 44.37
Number source bcl
090 ## - LOCALLY ASSIGNED LC-TYPE CALL NUMBER (OCLC); LOCAL CALL NUMBER (RLIN)
Classification number (OCLC) (R) ; Classification number, CALL (RLIN) (NR) QP 34.5 S55 2004
Local cutter number (OCLC) ; Book number/undivided call number, CALL (RLIN) AEU
100 1# - MAIN ENTRY--PERSONAL NAME
Personal name Silverthorn, Dee Unglaub,
Dates associated with a name 1948-
245 10 - TITLE STATEMENT
Title Human physiology :
Remainder of title an integrated approach /
Statement of responsibility, etc. Dee Unglaub Silverthorn, with William C. Ober, illustration coordinator ; Claire W. Garrison, illustrator ; Andrew C. Silverthorn, clinical consultant ; with contributions by Bruce R. Johnson.
250 ## - EDITION STATEMENT
Edition statement 3rd ed.
260 ## - PUBLICATION, DISTRIBUTION, ETC.
Place of publication, distribution, etc. San Francisco :
Name of publisher, distributor, etc. Pearson/Benjamin Cummings,
Date of publication, distribution, etc. c2004.
300 ## - PHYSICAL DESCRIPTION
Extent xxxii, 878 p. :
Other physical details col. ill. ;
Dimensions 29 cm.
336 ## - CONTENT TYPE
Content type term text
Content type code txt
Source rdacontent
337 ## - MEDIA TYPE
Media type term unmediated
Media type code n
Source rdamedia
338 ## - CARRIER TYPE
Carrier type term volume
Carrier type code nc
Source rdacarrier
500 ## - GENERAL NOTE
General note Includes index.
583 1# - ACTION NOTE
Institution to which field applies AEU
590 ## - LOCAL NOTE (RLIN)
Local note University of Alberta copy does not include access to single user supplementary licensed electronic material.
650 #0 - SUBJECT ADDED ENTRY--TOPICAL TERM
Topical term or geographic name entry element Human physiology.
650 #2 - SUBJECT ADDED ENTRY--TOPICAL TERM
Topical term or geographic name entry element Physiology.
942 ## - ADDED ENTRY ELEMENTS (KOHA)
Source of classification or shelving scheme
Koha item type Book
Suppress in OPAC DO
949 ## - LOCAL PROCESSING INFORMATION (OCLC)
h UAHL-B
i 0162021816895
Holdings
Withdrawn status Lost status Source of classification or shelving scheme Damaged status Not for loan Permanent Location Current Location Shelving location Date acquired Total Checkouts Full call number Barcode Date last seen Copy number Price effective from Koha item type Public note Total Renewals Date last checked out Source of acquisition
          AU LIBRARY AU LIBRARY Open Shelf 24.06.2021   QP34.5 .S55 2004 C1 28001404 24.06.2021 1 24.06.2021 Book DO      
          AU LIBRARY AU LIBRARY Open Shelf 24.06.2021 1 QP34.5 .S55 2004 C2 28001407 04.07.2022 2 24.06.2021 Book DO 7 10.05.2022  
          AU LIBRARY AU LIBRARY Open Shelf 24.06.2021   QP34.5 .S55 2004 C3 28001406 24.06.2021 3 24.06.2021 Book DO      
          AU LIBRARY AU LIBRARY Open Shelf 29.06.2021 1 QP34.5 .S55 2004 C4 28001408 07.06.2022 4 29.06.2021 Book MM   25.05.2022  
          AU LIBRARY AU LIBRARY Open Shelf 29.03.2022   QP34.5 .S55 2004 C5 28001405 29.03.2022 5 29.03.2022 Book DO     DONATION FROM MOI UNIVERSITY

Powered by Koha